MARC

LEADER 00000nam0a2200000 4500
001 86823
005 20231101213514.0
035 |a (RuTPU)RU\TPU\book\93224 
090 |a 86823 
100 |a 20051130d1969 m y0rusy50 ca 
101 0 |a rus 
102 |a UA 
105 |a a z 000zy 
200 1 |a Новые технические условия на порошки из синтетических алмазов  |f В. Н. Бакуль  |g Украинский научно-исследовательский конструкторско-технологический институт синтетических сверхтвердых материалов и инструмента Госплана УССР 
210 |a Киев  |c УкрНИИНТИ  |d 1969 
215 |a 22 с.  |c ил. 
610 1 |a алмазные порошки 
610 1 |a технические условия 
610 1 |a синтетические алмазы 
675 |a 621.91.021  |v 3 
675 |a 666.2  |v 3 
700 1 |a Бакуль  |b В. Н.  |g Валентин Николаевич 
712 0 2 |a Украинский научно-исследовательский конструкторско-технологический институт синтетических сверхтвердых материалов и инструмента Госплана УССР  |2 stltpush  |3 (RuTPU)RU\TPU\col\5834  |9 24144 
801 1 |a RU  |b 63413507  |c 20051130  |g PSBO 
801 2 |a RU  |b 63413507  |c 20120222  |g PSBO 
942 |c BK